000 00492cam a22001097a 4500
008 180718b1969 xxu||||| |||| 00| 0 eng d
082 _aT31501x54 M
245 _aMonopolies and restrictive trade practices commission and restrictive trade practices
_cby Secretariat of the Monopolies and Restrictive Trade Practices Commission
260 _aNew Delhi
_bThe Central Electric Press
_c1969
300 _a24p
700 _aIndia. Secretariat of the Monopolies and Restrictive Trade Practices Commission
999 _c497896
_d497896